000 00614nam a22001937a 4500
999 _c7182
_d7182
003 OSt
005 20210908151255.0
008 210908b ||||| |||| 00| 0 eng d
020 _a159462058X
040 _cDDC
082 _a576.83OSB1918
100 _aOsborn,Henry Fa.
_914771
245 _aThe origin and evolution of life
_bOn the theory of action reaction and interaction of energy
_cEdited by Osborn,Henry Fa.
260 _aNew York
_bThe Science Press
_c1918
300 _axxxi,322p;
_bill;
_c24cm
504 _aIncludes; bibliography references and index;
650 _aBiology
_95602
942 _2ddc
_cO_SHELF